LIBRARY & INFORMATION CENTRE, KCAET, TAVANUR

ONLINE PUBLIC ACCESS CATALOGUE (OPAC)

Introduction to Botany / (Record no. 9797)

MARC details
000 -LEADER
fixed length control field 00312cam a2200121ua 4500
082 ## - DEWEY DECIMAL CLASSIFICATION NUMBER
Classification number 581
Item number THO/IN
100 ## - MAIN ENTRY--AUTHOR NAME
Personal name Thomas, K. J .
245 ## - TITLE STATEMENT
Title Introduction to Botany /
250 ## - EDITION STATEMENT
Edition statement 5 /
260 ## - PUBLICATION, DISTRIBUTION, ETC. (IMPRINT)
Place of publication Thiruvananthapuram :
Name of publisher Educational Publications & Book Depot ,
Year of publication 1970.
300 ## - PHYSICAL DESCRIPTION
Number of Pages 287 ; .
942 ## - ADDED ENTRY ELEMENTS (KOHA)
Koha item type Books
Holdings
Withdrawn status Lost status Damaged status Home library Current library Date acquired Full call number Accession Number Koha item type
      KAUAET KAUAET 07/04/2012 581 13227 Books
free website counter